00880nam a22002417a 4500003000900000005001700009008002900026020001500055040003000070082002700100100003100127245008700158260003500245300003000280500003500310650003600345650003600381700001800417910004100435942001200476952013300488999001700621DO-SdBPM20250225091308.01607181996 xxu a spa d a0590254693 aDO-SdBPMbspacBPMSUerda 4a819.3bB772fr 19962221 aBourgeois, Pauletted1951-10aFranklin´s and the tooth fairy /cPaulette Bourgeois; ilustraciones Brenda Clark  aNew York : bScholastic,c1996 a[30] p. :bil. ;c23 cm.  aLibros infantiles en inglés  4aCuentos infantiles canadienses  4aLibros ilustrados para niños 1 aClark, Brenda aVMateo V. Control de calidad. BPMSU  2ddccBK 00102ddc40708CI-GaBPMETbBPMETd2025-02-25eFUNDIl0oBPMSU CGI 819.3 B772fr 1996pBPMSU5020054r2025-02-25w2025-02-25yBK c14959d14959